000
00249nam a2200121Ia 4500
008
190216s9999||||xx |||||||||||||| ||und||
100
_a
Uroob
245
0
_a
Neela Mala
260
_b
K R Brothers
300
_a
72
650
_a
Kathakal
942
_c
BK
999
_c
23983
_d
23983